W jakim państwie znajdują się te miasta? - Statystyki

Ogólne statystyki
  • Ten quiz został rozwiązany 69 razy
  • Średni wynik to 9 z 15
Statystyki odpowiedzi
Miasto Państwo % Poprawnych
Atlanta Stany Zjednoczone
95%
Tel Awiw Izrael
89%
Brema Niemcy
89%
Fukuoka Japonia
87%
Trondheim Norwegia
87%
Ho Chi Minh Wietnam
75%
Calgary Kanada
73%
Bardejów Słowacja
71%
Sao Luis Brazylia
65%
Tiumeń Rosja
65%
Karaganda Kazachstan
44%
Port Elizabeth Republika Południowej Afryki
40%
Bielce Mołdawia
33%
Lae Papua-Nowa Gwinea
14%
Morogoro Tanzania
11%
Nie znaleziono quizów pasujących do podanych kryteriów
Rozkład punktacji
Procent ludzi z każdym wynikiem
Percentyl według liczby udzielonych odpowiedzi
Twoja historia wyników
Nie rozwiązałeś tego quizu